Mergers and Acquisitions:Strategy,valuation,Leveraged Buyouts,and Financing (Record no. 1678699)

MARC details
000 -LEADER
fixed length control field 00341nam a22001217a 4500
003 - CONTROL NUMBER IDENTIFIER
control field OSt
005 - DATE AND TIME OF LATEST TRANSACTION
control field 20260205123326.0
008 - FIXED-LENGTH DATA ELEMENTS--GENERAL INFORMATION
fixed length control field 260205b |||||||| |||| 00| 0 eng d
040 ## - CATALOGING SOURCE
Transcribing agency fms
100 ## - MAIN ENTRY--PERSONAL NAME
Personal name Kapil(Sheeba),etc
9 (RLIN) 1113901
245 ## - TITLE STATEMENT
Title Mergers and Acquisitions:Strategy,valuation,Leveraged Buyouts,and Financing
942 ## - ADDED ENTRY ELEMENTS (KOHA)
Source of classification or shelving scheme Colon Classification (CC)
Koha item type Textbook
Edition 3
Suppress in OPAC No

No items available.

Copyright @ Delhi University Library System